00821nam a2200193 a 4500008004100000050001500041100002500056245015100081260004000232300002000272362001500292500001700307650001500324650003300339650004100372995008000413999001700493952011700510140127s2013 ||||||||||||||||| || u aTHESIS/CHI aChipukamwala, Booker12aA study of the impact of corruption on the performance of Zambia Revenue Authority (ZRA): a case study of Chipata districtcby Booker Chipukamwala aKitwe:bCopperbelt Universityc2013 axi, 127p.: ill.1 a

MBA

 aBibliography aCORRUPTION aCORRUPTION--ECONOMIC ASPECTS aCORRUPTION--ZAMBIA REVENUE AUTHORITY FCBU-MAIN LIBRARY (Kitwe)M1UAVAILABLEWJan 27, 2014ZUniversity Collection c58927d58927 00102lcc4070a001b001cUniversity Collectiond2022-11-30l0oTHESIS/CHIp744706r2022-11-30w2022-11-30y002